[Event "SVK-chT3A2 2122"]
[Site "Slovakia"]
[Date "2022.04.03"]
[Round "5.3"]
[White "Bisco, Igor"]
[Black "Szitkey, Milan"]
[Result "0-1"]
[WhiteElo "2001"]
[BlackElo "2024"]
[PlyCount "49"]
[EventDate "2021.10.10"]
[EventType "team-tourn"]
[EventRounds "11"]
[EventCountry "SVK"]
[SourceTitle "EXT 2024"]
[Source "ChessBase"]
[SourceDate "2023.10.10"]
[SourceVersion "1"]
[SourceVersionDate "2023.10.10"]
[SourceQuality "1"]
[WhiteTeam "Hlohovec"]
[BlackTeam "Trnava Lokomotiva"]
[WhiteTeamCountry "SVK"]
[BlackTeamCountry "SVK"]

1. e4 c5 2. Nf3 e6 3. d4 cxd4 4. Nxd4 a6 5. Nc3 Nc6 6. Be3 Qc7 7. Be2 Nf6 8. a3 Be7 9. 0-0 d6 10. f4 Bd7 11. Nb3 Na5 12. e5 dxe5 13. fxe5 Nxb3 14. exf6 Bc5 15. cxb3 Bxe3+ 16. Kh1 g6 17. Qd3 Bf4 18. Qf3 Bxh2 19. Ne4 Be5 20. Rac1 Bc6 21. Qe3 Bxb2 22. Qc5 Rd8 23. Rc2 Bd4 24. Qb4 a5 25. Rxc6 0-1

[Event "SVK-chT3A2 2122"]
[Site "Slovakia"]
[Date "2022.02.27"]
[Round "10.2"]
[White "Sefcik, Marek"]
[Black "Bisco, Igor"]
[Result "1-0"]
[WhiteElo "2012"]
[BlackElo "2001"]
[PlyCount "141"]
[EventDate "2021.10.10"]
[EventType "team-tourn"]
[EventRounds "11"]
[EventCountry "SVK"]
[SourceTitle "EXT 2023"]
[Source "ChessBase"]
[SourceDate "2022.10.05"]
[SourceVersion "1"]
[SourceVersionDate "2022.10.05"]
[SourceQuality "1"]
[WhiteTeam "Holic"]
[BlackTeam "Hlohovec"]
[WhiteTeamCountry "SVK"]
[BlackTeamCountry "SVK"]

1. Nc3 e5 2. Nf3 Nc6 3. d4 exd4 4. Nxd4 Bc5 5. Nf5 Qf6 6. e4 Nge7 7. Ne3 0-0 8. Bc4 Ne5 9. Bb3 d5 10. exd5 Bxe3 11. Bxe3 Bg4 12. Qd4 Nf5 13. Qf4 h6 14. Ne4 Qh4 15. Ng3 Nxe3 16. fxe3 Rae8 17. 0-0 Ng6 18. Qf2 Ne5 19. h3 Bd7 20. Qf4 Qe7 21. Rae1 Qc5 22. Kh2 Ng6 23. Qf2 Bb5 24. e4 Qd6 25. c4 Bd7 26. Qd4 c5 27. Qf2 b6 28. Bc2 Ne5 29. b3 b5 30. cxb5 Bxb5 31. Rg1 Bd7 32. Kh1 Qg6 33. Nf5 Qh5 34. Qg3 g6 35. Nd6 Rb8 36. Nf5 Rbe8 37. Nd6 Re7 38. Bd1 Qg5 39. Qxg5 hxg5 40. Rgf1 Kg7 41. Be2 g4 42. hxg4 Bxg4 43. Bxg4 Nxg4 44. Rf4 Nf6 45. Ref1 Nh5 46. R4f3 Rd8 47. Nxf7 Rf8 48. g4 Ng3+ 49. Rxg3 Rexf7 50. Rxf7+ Rxf7 51. Rd3 Kf8 52. d6 Ke8 53. Rd5 Rf4 54. e5 Rxg4 55. Rxc5 Re4 56. Rc8+ Kd7 57. Rc7+ Ke6 58. Rxa7 Kf5 59. Rf7+ Kg4 60. d7 Kg3 61. Rf1 Rd4 62. e6 Rd2 63. Rg1+ Kh3 64. Rxg6 Rd1+ 65. Rg1 Rd2 66. Re1 Kg3 67. Re3+ Kf2 68. Rc3 Rd5 69. Kh2 Rh5+ 70. Rh3 Rg5 71. Rh8 1-0

[Event "SVK-chT3A2 2122"]
[Site "Slovakia"]
[Date "2021.11.21"]
[Round "4.3"]
[White "Ambros, Rafael"]
[Black "Bisco, Igor"]
[Result "1/2-1/2"]
[WhiteElo "1977"]
[BlackElo "2001"]
[PlyCount "34"]
[EventDate "2021.10.10"]
[EventType "team-tourn"]
[EventRounds "11"]
[EventCountry "SVK"]
[SourceTitle "EXT 2023"]
[Source "ChessBase"]
[SourceDate "2022.10.05"]
[SourceVersion "1"]
[SourceVersionDate "2022.10.05"]
[SourceQuality "1"]
[WhiteTeam "Gbely Nafta"]
[BlackTeam "Hlohovec"]
[WhiteTeamCountry "SVK"]
[BlackTeamCountry "SVK"]

1. e4 e5 2. Nf3 Nc6 3. d4 exd4 4. Nxd4 Bc5 5. Nb3 Bb6 6. Nc3 Nf6 7. Bg5 d6 8. Qe2 Nd4 9. Qd2 Nxb3 10. axb3 h6 11. Bh4 Qe7 12. f3 Be6 13. Bf2 0-0 14. 0-0-0 d5 15. exd5 Nxd5 16. Kb1 Nxc3+ 17. bxc3 Rfd8 1/2-1/2

[Event "SVK-chT3A2 2122"]
[Site "Slovakia"]
[Date "2021.10.24"]
[Round "2.3"]
[White "Musaev, Matej Elbek"]
[Black "Bisco, Igor"]
[Result "1/2-1/2"]
[WhiteElo "1859"]
[BlackElo "2001"]
[PlyCount "115"]
[EventDate "2021.10.10"]
[EventType "team-tourn"]
[EventRounds "11"]
[EventCountry "SVK"]
[SourceTitle "EXT 2023"]
[Source "ChessBase"]
[SourceDate "2022.10.05"]
[SourceVersion "1"]
[SourceVersionDate "2022.10.05"]
[SourceQuality "1"]
[WhiteTeam "Piestany Kupele II"]
[BlackTeam "Hlohovec"]
[WhiteTeamCountry "SVK"]
[BlackTeamCountry "SVK"]

1. e4 e5 2. Nf3 Nc6 3. Bb5 a6 4. Ba4 Nf6 5. d3 b5 6. Bb3 Be7 7. 0-0 0-0 8. c3 d6 9. Re1 Na5 10. Bc2 c5 11. Nbd2 Re8 12. Nf1 h6 13. h3 Bf8 14. Ng3 Qc7 15. Nh4 g6 16. Qf3 Nh7 17. a4 Ng5 18. Qe2 Be6 19. axb5 axb5 20. f4 exf4 21. Bxf4 Bg7 22. Qe3 b4 23. Ne2 Qe7 24. Qg3 Be5 25. Ba4 Nb3 26. Bxb3 Bxb3 27. Nf3 Nxf3+ 28. Qxf3 Qf6 29. Bxe5 Qxf3 30. gxf3 dxe5 31. Kf2 Red8 32. Ke3 Rac8 33. Rec1 Be6 34. Ra5 Bxh3 35. Rh1 Be6 36. Rxh6 c4 37. d4 exd4+ 38. Nxd4 Bd7 39. cxb4 c3 40. bxc3 Rxc3+ 41. Kd2 Rcc8 42. Rd5 Ba4 43. Kd3 Rxd5 44. exd5 Rd8 45. Kc4 Rc8+ 46. Nc6 Bxc6 47. dxc6 Rxc6+ 48. Kd5 Rc3 49. Rh3 Rb3 50. Kc4 Rb1 51. b5 Kg7 52. Kc5 g5 53. b6 f5 54. Kc6 Kf6 55. b7 Rc1+ 56. Kd6 Rd1+ 57. Kc5 Rc1+ 58. Kd6 1/2-1/2

[Event "SVK-chT3A2 1819"]
[Site "Slovakia"]
[Date "2019.02.10"]
[Round "8.1"]
[White "Kolenak, Matus"]
[Black "Bisco, Igor"]
[Result "1/2-1/2"]
[WhiteElo "1973"]
[BlackElo "2044"]
[PlyCount "67"]
[EventDate "2018.10.07"]
[EventType "team-tourn"]
[EventRounds "11"]
[EventCountry "SVK"]
[SourceTitle "EXT 2020"]
[Source "ChessBase"]
[SourceDate "2019.10.17"]
[SourceVersion "1"]
[SourceVersionDate "2019.10.17"]
[SourceQuality "1"]
[WhiteTeam "Trnava Lokomotiva II"]
[BlackTeam "Hlohovec"]
[WhiteTeamCountry "SVK"]
[BlackTeamCountry "SVK"]

1. Nf3 Nf6 2. d4 g6 3. g3 Bg7 4. Bg2 0-0 5. 0-0 d6 6. c4 Nbd7 7. Nc3 c6 8. e4 Qc7 9. h3 e5 10. Be3 Re8 11. d5 c5 12. Qd2 Kh8 13. Bh6 Ng8 14. Bxg7+ Kxg7 15. Ne1 f6 16. Nd3 a6 17. f4 exf4 18. gxf4 Nb6 19. b3 Bd7 20. Rae1 Nc8 21. e5 dxe5 22. fxe5 fxe5 23. Rxe5 Rxe5 24. Qf4 Bf5 25. Nxe5 Nd6 26. Kh2 Re8 27. Nf3 Nh6 28. Re1 Rxe1 29. Nxe1 Qe7 30. Nf3 Nhf7 31. Nh4 Qe5 32. Qxe5+ Nxe5 33. Nxf5+ gxf5 34. Na4 1/2-1/2

[Event "SVK-chT4 A22 1819"]
[Site "Slovakia"]
[Date "2019.01.06"]
[Round "6.4"]
[White "Bisco, Igor"]
[Black "Zarecky, Eduard"]
[Result "1/2-1/2"]
[WhiteElo "2056"]
[BlackElo "1841"]
[PlyCount "47"]
[EventDate "2018.10.14"]
[EventType "team-tourn"]
[EventRounds "11"]
[EventCountry "SVK"]
[SourceTitle "EXT 2020"]
[Source "ChessBase"]
[SourceDate "2019.10.17"]
[SourceVersion "1"]
[SourceVersionDate "2019.10.17"]
[SourceQuality "1"]

1. e4 e5 2. Nf3 Nc6 3. Bb5 d6 4. 0-0 Nf6 5. Re1 Be7 6. c3 0-0 7. d3 a6 8. Ba4 b5 9. Bc2 h6 10. Nbd2 Nh7 11. d4 Bf6 12. d5 Ne7 13. Nf1 Bg4 14. h3 Bxf3 15. Qxf3 Ng5 16. Qd1 Ng6 17. Ng3 Nh7 18. Nf5 Bg5 19. Qg4 Bxc1 20. Raxc1 Qg5 21. Qxg5 Nxg5 22. h4 Nh7 23. g3 Nf6 24. Bd3 1/2-1/2

[Event "SVK-chT4 A22 1819"]
[Site "Slovakia"]
[Date "2018.12.02"]
[Round "4.5"]
[White "Bisco, Igor"]
[Black "Sarmir, Milos"]
[Result "1-0"]
[WhiteElo "2041"]
[BlackElo "2090"]
[PlyCount "95"]
[EventDate "2018.10.14"]
[EventType "team-tourn"]
[EventRounds "11"]
[EventCountry "SVK"]
[SourceTitle "EXT 2020"]
[Source "ChessBase"]
[SourceDate "2019.10.17"]
[SourceVersion "1"]
[SourceVersionDate "2019.10.17"]
[SourceQuality "1"]

1. e4 e5 2. Nf3 Nc6 3. Bb5 a6 4. Ba4 Nf6 5. 0-0 Be7 6. Re1 b5 7. Bb3 d6 8. c3 0-0 9. h3 Na5 10. Bc2 c5 11. d3 Qc7 12. Nbd2 Bd7 13. Nf1 b4 14. Ng3 bxc3 15. bxc3 Rab8 16. Nh2 Nc6 17. Rf1 Qa5 18. Bd2 Be6 19. Ba4 Rfc8 20. c4 Qc7 21. Bxc6 Qxc6 22. Bc3 Rb7 23. f4 exf4 24. Rxf4 Nd7 25. Ng4 Bxg4 26. Rxg4 Ne5 27. Bxe5 dxe5 28. Nf5 Bf8 29. Ne3 Rcb8 30. Nd5 Qh6 31. Qf3 Kh8 32. Kh2 g6 33. Qf6+ Bg7 34. Qd6 Qd2 35. Rg3 f5 36. exf5 gxf5 37. Rxg7 Kxg7 38. Qxe5+ Kg8 39. Ne7+ Rxe7 40. Qxe7 Rb2 41. Qe6+ Kg7 42. Qe5+ Kg6 43. Qd6+ Kh5 44. Qd5 Qf2 45. Qf7+ Kg5 46. Qg7+ Kf4 47. Rf1 Qxf1 48. Qg3# 1-0

[Event "SVK-chT4 A22 1718"]
[Site "Slovakia"]
[Date "2017.10.15"]
[Round "2.5"]
[White "Vlkovic, Pavol"]
[Black "Bisco, Igor"]
[Result "1/2-1/2"]
[WhiteElo "1802"]
[BlackElo "2080"]
[PlyCount "32"]
[EventDate "2017.10.01"]
[EventType "team-tourn"]
[EventRounds "11"]
[EventCountry "SVK"]
[SourceTitle "EXT 2020"]
[Source "ChessBase"]
[SourceDate "2019.10.17"]
[SourceVersion "1"]
[SourceVersionDate "2019.10.17"]
[SourceQuality "1"]

1. e4 e5 2. Nf3 Nc6 3. Bc4 Bc5 4. c3 Nf6 5. d3 d6 6. 0-0 Bb6 7. h3 h6 8. Re1 0-0 9. Bb3 Ne7 10. Nh4 g5 11. Qf3 Kg7 12. Nf5+ Nxf5 13. exf5 Bd7 14. Be3 Bxe3 15. fxe3 Bc6 16. e4 d5 1/2-1/2

[Event "SVK-chT3A2 1718"]
[Site "Slovakia"]
[Date "2017.10.08"]
[Round "1.5"]
[White "Bisco, Igor"]
[Black "Sefcik, Marek"]
[Result "1/2-1/2"]
[WhiteElo "2080"]
[BlackElo "1998"]
[PlyCount "27"]
[EventDate "2017.10.08"]
[EventType "team-tourn"]
[EventRounds "11"]
[EventCountry "SVK"]
[SourceTitle "EXT 2020"]
[Source "ChessBase"]
[SourceDate "2019.10.17"]
[SourceVersion "1"]
[SourceVersionDate "2019.10.17"]
[SourceQuality "1"]
[WhiteTeam "Hlohovec"]
[BlackTeam "Holic"]
[WhiteTeamCountry "SVK"]
[BlackTeamCountry "SVK"]

1. e4 d5 2. exd5 Qxd5 3. Nc3 Qd6 4. d4 Nf6 5. Nf3 Bg4 6. Be2 c6 7. 0-0 Nbd7 8. Be3 e6 9. Ng5 Bxe2 10. Qxe2 Be7 11. Rfd1 0-0 12. Nge4 Qc7 13. Bg5 Rfe8 14. Bh4 1/2-1/2

[Event "SVK-chT3A2 1617"]
[Site "Slovakia"]
[Date "2017.03.05"]
[Round "10.6"]
[White "Bisco, Igor"]
[Black "Kovacocy, Pavol"]
[Result "0-1"]
[WhiteElo "2091"]
[BlackElo "2216"]
[PlyCount "150"]
[EventDate "2016.10.16"]
[EventType "team-tourn"]
[EventRounds "11"]
[EventCountry "SVK"]
[SourceTitle "EXT 2020"]
[Source "ChessBase"]
[SourceDate "2019.10.17"]
[SourceVersion "1"]
[SourceVersionDate "2019.10.17"]
[SourceQuality "1"]
[WhiteTeam "Hlohovec"]
[BlackTeam "Cifer"]
[WhiteTeamCountry "SVK"]
[BlackTeamCountry "SVK"]

1. e4 c5 2. Nf3 Nc6 3. d4 cxd4 4. Nxd4 g6 5. Nc3 Bg7 6. Be3 Nf6 7. Bc4 Qa5 8. f3 Qb4 9. Bb3 Nxe4 10. Nxc6 Bxc3+ 11. bxc3 Qxc3+ 12. Ke2 dxc6 13. Bd4 e5 14. Bxc3 Nxc3+ 15. Kf2 Nxd1+ 16. Raxd1 0-0 17. Rhe1 Re8 18. Rd6 Kg7 19. g4 Be6 20. Rxe5 Bxb3 21. Rxe8 Rxe8 22. axb3 Re7 23. g5 h6 24. h4 hxg5 25. hxg5 Re5 26. f4 Rb5 27. Ke3 Kf8 28. Rd7 Rb4 29. Rc7 Ke8 30. Kf3 a5 31. Ke3 a4 32. bxa4 Rxa4 33. Rxb7 Rc4 34. Rb2 Kd7 35. Ra2 Ke6 36. Rb2 Kf5 37. Rb7 Re4+ 38. Kd3 Rxf4 39. Rxf7+ Kxg5 40. Rc7 Rf6 41. Ke4 Re6+ 42. Kf3 Kf5 43. Rf7+ Ke5 44. Ke3 Kd5+ 45. Kd3 Kc5 46. Rg7 Rf6 47. Ra7 Kd5 48. Ra5+ Ke6 49. Rc5 Kf7 50. Ke4 Kg7 51. c4 Re6+ 52. Kf4 Kf6 53. Ra5 Rd6 54. Rc5 Ke6 55. Ke4 Kd7 56. Ra5 Kc7 57. Ke5 Rd1 58. c5 Rd5+ 59. Kf6 g5 60. Ra7+ Kb8 61. Ra5 Kb7 62. Ke6 g4 63. Ra4 Rg5 64. Kf6 Rg8 65. Kf7 Rg5 66. Kf6 Rxc5 67. Rxg4 Kb6 68. Rb4+ Rb5 69. Rc4 Rd5 70. Ke6 Rd8 71. Ke5 c5 72. Rc2 Kb5 73. Ke4 Kb4 74. Rc1 c4 75. Rb1+ Kc3 0-1

[Event "SVK-chT3A2 1617"]
[Site "Slovakia"]
[Date "2017.02.19"]
[Round "9.2"]
[White "Hirmajer, Jan"]
[Black "Bisco, Igor"]
[Result "1-0"]
[WhiteElo "1934"]
[BlackElo "2091"]
[PlyCount "107"]
[EventDate "2016.10.16"]
[EventType "team-tourn"]
[EventRounds "11"]
[EventCountry "SVK"]
[SourceTitle "EXT 2020"]
[Source "ChessBase"]
[SourceDate "2019.10.17"]
[SourceVersion "1"]
[SourceVersionDate "2019.10.17"]
[SourceQuality "1"]
[WhiteTeam "Holic"]
[BlackTeam "Hlohovec"]
[WhiteTeamCountry "SVK"]
[BlackTeamCountry "SVK"]

1. c4 Nf6 2. Nc3 g6 3. g3 Bg7 4. Bg2 0-0 5. Nf3 c5 6. 0-0 Nc6 7. d3 d6 8. Bg5 h6 9. Bf4 Kh7 10. Rb1 Re8 11. a3 e5 12. Bd2 Bd7 13. Nb5 Qe7 14. Nc7 Rac8 15. Nxe8 Rxe8 16. Bc3 Nh5 17. Nd2 f5 18. e3 Rf8 19. b4 b6 20. b5 Nd8 21. Qa4 Bc8 22. Qc2 Ne6 23. Rbe1 Qd8 24. a4 Ng5 25. f4 Ne6 26. Nf3 Bb7 27. Ng5+ hxg5 28. Bxb7 gxf4 29. exf4 Nd4 30. Bxd4 cxd4 31. Bf3 Qc7 32. Qe2 Qf7 33. Bd5 Qc7 34. Bf3 Qf7 35. Bxh5 gxh5 36. Qf3 Qg6 37. Re2 Rf7 38. Rfe1 Re7 39. Kh1 Kh6 40. Qd5 Kh7 41. a5 bxa5 42. c5 dxc5 43. Qxc5 Re6 44. fxe5 Qg4 45. Qd5 f4 46. Qe4+ Qg6 47. Qxg6+ Kxg6 48. gxf4 Kf5 49. Re4 a4 50. Rxd4 a3 51. Ra4 Bf8 52. d4 Rb6 53. d5 Rxb5 54. d6 1-0

[Event "SVK-chT3A2 1617"]
[Site "Slovakia"]
[Date "2016.12.11"]
[Round "5.4"]
[White "Bisco, Igor"]
[Black "Straka, Jozef1111"]
[Result "1/2-1/2"]
[WhiteElo "2091"]
[BlackElo "2280"]
[PlyCount "37"]
[EventDate "2016.10.16"]
[EventType "team-tourn"]
[EventRounds "11"]
[EventCountry "SVK"]
[SourceTitle "EXT 2020"]
[Source "ChessBase"]
[SourceDate "2019.10.17"]
[SourceVersion "1"]
[SourceVersionDate "2019.10.17"]
[SourceQuality "1"]
[WhiteTeam "Hlohovec"]
[BlackTeam "Gbely Nafta"]
[WhiteTeamCountry "SVK"]
[BlackTeamCountry "SVK"]

1. e4 c5 2. Nf3 Nc6 3. d4 cxd4 4. Nxd4 e5 5. Nb5 a6 6. N5c3 Nf6 7. Bg5 Bc5 8. Qd2 d6 9. Bxf6 gxf6 10. Nd5 Be6 11. Nbc3 Nb4 12. Bc4 Rc8 13. Bb3 Nxd5 14. Nxd5 Rg8 15. g3 f5 16. exf5 Bxf5 17. 0-0-0 Be4 18. f3 Bf5 19. Kb1 1/2-1/2

[Event "SVK-chT4 A22 1617"]
[Site "Slovakia"]
[Date "2016.11.20"]
[Round "4.1"]
[White "Kozinka, Roman"]
[Black "Bisco, Igor"]
[Result "1/2-1/2"]
[WhiteElo "1992"]
[BlackElo "2108"]
[PlyCount "26"]
[EventDate "2016.10.09"]
[EventType "team-tourn"]
[EventRounds "11"]
[EventCountry "SVK"]
[SourceTitle "EXT 2020"]
[Source "ChessBase"]
[SourceDate "2019.10.17"]
[SourceVersion "1"]
[SourceVersionDate "2019.10.17"]
[SourceQuality "1"]

1. d4 Nf6 2. Nf3 g6 3. Bg5 Bg7 4. Nbd2 c5 5. dxc5 Qa5 6. c3 Qxc5 7. e4 d6 8. h3 0-0 9. Be2 Nbd7 10. 0-0 b6 11. Re1 Bb7 12. Bf1 Rfe8 13. Rc1 h6 1/2-1/2

[Event "SVK-chT4 A22 1617"]
[Site "Slovakia"]
[Date "2016.10.23"]
[Round "2.2"]
[White "Bisco, Igor"]
[Black "Meszaros, Lorant"]
[Result "1-0"]
[WhiteElo "2108"]
[BlackElo "2024"]
[PlyCount "65"]
[EventDate "2016.10.09"]
[EventType "team-tourn"]
[EventRounds "11"]
[EventCountry "SVK"]
[SourceTitle "EXT 2020"]
[Source "ChessBase"]
[SourceDate "2019.10.17"]
[SourceVersion "1"]
[SourceVersionDate "2019.10.17"]
[SourceQuality "1"]

1. e4 e5 2. Nf3 Nc6 3. Bb5 a6 4. Ba4 d6 5. c3 Bd7 6. 0-0 g6 7. d4 Bg7 8. dxe5 Nxe5 9. Nxe5 Bxe5 10. f4 Bg7 11. Bb3 Be6 12. f5 gxf5 13. Bxe6 fxe6 14. Qh5+ Kd7 15. exf5 e5 16. Bg5 Bf6 17. Be3 Qe8 18. Qd1 Qf7 19. Qa4+ b5 20. Qc2 Ne7 21. Nd2 Rhg8 22. c4 Bg5 23. Bxg5 Rxg5 24. Ne4 Rxf5 25. Rxf5 Qxf5 26. Rf1 Qg6 27. cxb5 axb5 28. Nf6+ Kd8 29. Qb3 Nc8 30. Qe6 Nb6 31. h4 h5 32. Rf5 Ra4 33. Rxh5 1-0

[Event "SVK-chT3A2 1516"]
[Site "Slovakia"]
[Date "2016.03.20"]
[Round "10.1"]
[White "Bisco, Igor"]
[Black "Danada, Tomas"]
[Result "0-1"]
[WhiteElo "2068"]
[BlackElo "2116"]
[PlyCount "98"]
[EventDate "2015.10.11"]
[EventType "team-tourn"]
[EventRounds "11"]
[EventCountry "SVK"]
[SourceTitle "EXT 2020"]
[Source "ChessBase"]
[SourceDate "2019.10.17"]
[SourceVersion "1"]
[SourceVersionDate "2019.10.17"]
[SourceQuality "1"]
[WhiteTeam "Hlohovec"]
[BlackTeam "Gbely Nafta"]
[WhiteTeamCountry "SVK"]
[BlackTeamCountry "SVK"]

1. e4 g6 2. d4 Bg7 3. Nf3 c5 4. Nc3 Qa5 5. dxc5 Bxc3+ 6. bxc3 Qxc3+ 7. Bd2 Qxc5 8. Bd3 d6 9. h3 Nf6 10. 0-0 0-0 11. Rb1 Nbd7 12. Be3 Qc7 13. Bd4 e5 14. Be3 Nc5 15. Bh6 Re8 16. Ng5 Ne6 17. Qf3 Nh5 18. Bb5 Nd4 19. Qe3 Nxb5 20. Rxb5 Be6 21. Nxe6 Rxe6 22. g4 Nf4 23. Bxf4 exf4 24. Qxf4 Qc6 25. Rd5 Qxc2 26. Rxd6 Rxd6 27. Qxd6 Qxe4 28. Rc1 Qf3 29. Rc7 Re8 30. Re7 Rc8 31. Rc7 Rxc7 32. Qxc7 Kg7 33. Qe5+ Qf6 34. Qe3 a5 35. a3 h6 36. f4 b5 37. Kf2 b4 38. axb4 Qb2+ 39. Ke1 axb4 40. Kd1 b3 41. Qc1 Qxc1+ 42. Kxc1 Kf6 43. Kb2 Ke6 44. Kxb3 Kd5 45. h4 Ke4 46. f5 gxf5 47. g5 hxg5 48. h5 Ke5 49. Kc4 g4 0-1

[Event "SVK-chT4 A22 1516"]
[Site "Slovakia"]
[Date "2016.03.13"]
[Round "10.3"]
[White "Bisco, Igor"]
[Black "Gajarsky, Julius"]
[Result "1-0"]
[WhiteElo "2091"]
[BlackElo "1799"]
[PlyCount "63"]
[EventDate "2015.10.04"]
[EventType "team-tourn"]
[EventRounds "11"]
[EventCountry "SVK"]
[SourceTitle "EXT 2020"]
[Source "ChessBase"]
[SourceDate "2019.10.17"]
[SourceVersion "1"]
[SourceVersionDate "2019.10.17"]
[SourceQuality "1"]

1. e4 c5 2. Nf3 Nc6 3. d4 cxd4 4. Nxd4 e5 5. Nb5 d6 6. N5c3 a6 7. Na3 b5 8. Nd5 Be6 9. c3 Nf6 10. Bg5 Be7 11. Bxf6 Bxf6 12. Nc2 Bxd5 13. Qxd5 Rc8 14. a4 Ne7 15. Qb3 0-0 16. axb5 Qb6 17. Rxa6 Qb7 18. Bd3 Ng6 19. 0-0 Nf4 20. c4 Rfd8 21. Ne3 Ne6 22. Nd5 Nc5 23. Qa3 Nxa6 24. bxa6 Qa7 25. b4 Rd7 26. Be2 Rdc7 27. b5 Rc5 28. b6 Qb8 29. a7 Qa8 30. Qa6 R5c6 31. Bg4 Rd8 32. Nc7 1-0

[Event "SVK-chT4 A22 1516"]
[Site "Slovakia"]
[Date "2015.11.08"]
[Round "3.1"]
[White "Bisco, Igor"]
[Black "Vegh, Vince"]
[Result "1-0"]
[WhiteElo "2086"]
[BlackElo "1940"]
[PlyCount "53"]
[EventDate "2015.10.04"]
[EventType "team-tourn"]
[EventRounds "11"]
[EventCountry "SVK"]
[SourceTitle "EXT 2020"]
[Source "ChessBase"]
[SourceDate "2019.10.17"]
[SourceVersion "1"]
[SourceVersionDate "2019.10.17"]
[SourceQuality "1"]

1. e4 c5 2. Nf3 Nc6 3. d4 cxd4 4. Nxd4 e5 5. Nb5 d6 6. N1c3 a6 7. Na3 b5 8. Nd5 Nf6 9. Bg5 Be7 10. Bxf6 Bxf6 11. c3 Bg5 12. Nc2 0-0 13. a4 bxa4 14. Rxa4 a5 15. b4 Bb7 16. Bc4 Rc8 17. h4 Bh6 18. Qd3 axb4 19. Ndxb4 Na5 20. Ba2 Rc5 21. 0-0 Qxh4 22. Na6 Bxa6 23. Qxa6 Nc6 24. Rc4 Ra5 25. Qxc6 Rxa2 26. Qxd6 Bf4 27. Qxf8+ 1-0

[Event "SVK-chT4 A22 1516"]
[Site "Slovakia"]
[Date "2015.10.18"]
[Round "2.6"]
[White "Lelkes, Gejza"]
[Black "Bisco, Igor"]
[Result "0-1"]
[WhiteElo "1623"]
[BlackElo "2068"]
[PlyCount "60"]
[EventDate "2015.10.04"]
[EventType "team-tourn"]
[EventRounds "11"]
[EventCountry "SVK"]
[SourceTitle "EXT 2020"]
[Source "ChessBase"]
[SourceDate "2019.10.17"]
[SourceVersion "1"]
[SourceVersionDate "2019.10.17"]
[SourceQuality "1"]

1. e4 e5 2. b3 Bc5 3. Bb2 Nc6 4. Ne2 Qh4 5. Ng3 Nf6 6. f3 d5 7. d3 Nh5 8. exd5 Nd4 9. Bxd4 Qxd4 10. Ne4 Qxa1 11. Nxc5 Qd4 12. Ne4 f5 13. Nf2 Nf4 14. g3 Nxd5 15. Be2 0-0 16. 0-0 Ne3 17. Qd2 Nxf1 18. Kxf1 Qa1 19. Qc1 Bd7 20. Kg2 Bc6 21. c4 e4 22. dxe4 fxe4 23. fxe4 Qd4 24. Qg1 Bxe4+ 25. Nxe4 Qxe4+ 26. Kh3 Qxe2 27. Nc3 Qe5 28. Nd5 c6 29. Nb4 Rae8 30. Nd3 Qh5+ 0-1

[Event "SVK-chT4 A22 1415"]
[Site "Slovakia"]
[Date "2015.03.15"]
[Round "11.3"]
[White "Bisco, Igor"]
[Black "Lukacovic, Miroslav"]
[Result "1/2-1/2"]
[WhiteElo "2079"]
[BlackElo "1969"]
[PlyCount "73"]
[EventDate "2014.10.12"]
[EventType "team-tourn"]
[EventRounds "11"]
[EventCountry "SVK"]
[SourceTitle "EXT 2019"]
[Source "ChessBase"]
[SourceDate "2018.10.10"]
[SourceVersion "1"]
[SourceVersionDate "2018.10.10"]
[SourceQuality "1"]

1. e4 e6 2. d4 d5 3. Nc3 Nf6 4. Bg5 Be7 5. Bxf6 Bxf6 6. Nf3 c6 7. Bd3 b5 8. 0-0 0-0 9. e5 Be7 10. Ne2 a6 11. c3 c5 12. Rc1 c4 13. Bb1 Nc6 14. Ng3 a5 15. h3 f6 16. exf6 Rxf6 17. Nh2 e5 18. dxe5 Nxe5 19. Bxh7+ Kxh7 20. Qh5+ Rh6 21. Qxe5 Bf6 22. Qe2 Ra6 23. Ng4 Rg6 24. Rcd1 Rd6 25. Qc2 d4 26. cxd4 Rxd4 27. Rxd4 Qxd4 28. Nxf6+ Qxf6 29. Rd1 Bb7 30. Nh5 Qe5 31. Ng3 Bc6 32. h4 Kh6 33. Nf5+ Kh5 34. Ng3+ Kh6 35. Nf5+ Kh5 36. Ng3+ Kh6 37. Nf5+ 1/2-1/2

[Event "SVK-chT4 A22 1415"]
[Site "Slovakia"]
[Date "2014.12.07"]
[Round "5.6"]
[White "Bisco, Igor"]
[Black "Sarmir, Milos"]
[Result "1/2-1/2"]
[WhiteElo "2079"]
[BlackElo "2011"]
[PlyCount "62"]
[EventDate "2014.10.12"]
[EventType "team-tourn"]
[EventRounds "11"]
[EventCountry "SVK"]
[SourceTitle "EXT 2019"]
[Source "ChessBase"]
[SourceDate "2018.10.10"]
[SourceVersion "1"]
[SourceVersionDate "2018.10.10"]
[SourceQuality "1"]

1. e4 c6 2. d4 d6 3. Nf3 Bg4 4. Be2 Nf6 5. Nbd2 Nbd7 6. 0-0 Qc7 7. c3 e6 8. Re1 Be7 9. Bd3 e5 10. h3 Bh5 11. Nf1 c5 12. g4 Bg6 13. Ng3 h5 14. g5 Nh7 15. Nf5 Bxf5 16. exf5 f6 17. Nxe5 dxe5 18. Qxh5+ Kd8 19. g6 cxd4 20. Qxh7 Re8 21. Bd2 Qd6 22. cxd4 Qxd4 23. Ba5+ b6 24. Bb5 Bc5 25. Re3 bxa5 26. Rd3 Qxf2+ 27. Kh1 Bd4 28. Qxg7 Qxf5 29. Qf7 Rh8 30. Bxd7 Qxd3 31. Qd5 Ke7 1/2-1/2

[Event "SVK-chT3A2 1415"]
[Site "Slovakia"]
[Date "2014.10.19"]
[Round "1.3"]
[White "Bisco, Igor"]
[Black "Gasa, Andrej"]
[Result "0-1"]
[WhiteElo "2079"]
[BlackElo "2317"]
[PlyCount "82"]
[EventDate "2014.10.19"]
[EventType "team-tourn"]
[EventRounds "11"]
[EventCountry "SVK"]
[SourceTitle "EXT 2019"]
[Source "ChessBase"]
[SourceDate "2018.10.10"]
[SourceVersion "1"]
[SourceVersionDate "2018.10.10"]
[SourceQuality "1"]

1. e4 c5 2. Nf3 d6 3. d4 cxd4 4. Nxd4 Nf6 5. Nc3 a6 6. h3 e5 7. Nb3 Be6 8. Bg5 Be7 9. Qd2 h6 10. Be3 Nbd7 11. g4 Qc7 12. 0-0-0 Nb6 13. f4 Nc4 14. Bxc4 Bxc4 15. Qf2 b5 16. Nd5 Bxd5 17. exd5 Rc8 18. Rhe1 Nd7 19. Kb1 0-0 20. h4 f5 21. g5 h5 22. Re2 g6 23. Bd4 Rfe8 24. Bc3 Bf8 25. Rde1 Kf7 26. Na5 Qc5 27. Qxc5 Rxc5 28. Nc6 Rxd5 29. Nb4 Rc5 30. Nxa6 Rc4 31. fxe5 dxe5 32. Bxe5 Rc6 33. Nc7 Rxe5 34. Rxe5 Nxe5 35. Rxe5 Rxc7 36. Rxb5 Rc4 37. b3 Rxh4 38. a4 f4 39. Kc1 f3 40. Kd2 Re4 41. Rb7+ Be7 0-1